Gắng sống đến Bình Minh

Uloženo v:
Podrobná bibliografie
Hlavní autor: Bưcốp, Vaxin
Další autoři: Hà Minh Thắng (dịch)
Médium: Kniha
Jazyk:Vietnamese
Vydáno: H. Văn học 1983
Edice:Văn học hiện đại nước ngoài; Văn học Xô Viết
Témata:
Tagy: Přidat tag
Žádné tagy, Buďte první, kdo otaguje tento záznam!
Thư viện lưu trữ: Mạng thư viện Đại học Đà Nẵng
LEADER 01110nam a2200337 4500
001 000004938
003 1080
005 20120412080429.0
008 110805s1983 viesd
020 |c 15000 đ 
041 0 |a vie 
082 |a 891.7  |b BƯ-V 
100 1 |a Bưcốp, Vaxin 
245 0 |a Gắng sống đến Bình Minh  |c Vaxin Bưcốp ;Hà Minh Thắng dịch 
260 |a H.  |b Văn học  |c 1983 
300 |a 292 tr.  |c 19 cm 
490 |a Văn học hiện đại nước ngoài; Văn học Xô Viết 
653 |a Văn học Nga 
653 |a truyện ngắn 
700 |a Hà Minh Thắng  |e dịch 
910 |a Minh  |d 05/08/2011 
OWN |a LSP 
AVA |a UDN50  |b LSP  |d 891.7 BƯ-V  |e unavailable  |t Error 5002 Not defined in file expand_doc_bib_avail.  |f 1  |g 1  |h N  |i 0  |k 1 
999 |a From the UDN01 
AVA |a UDN50  |b LSP  |d 891.7 BƯ-V  |e unavailable  |t Error 5002 Not defined in file expand_doc_bib_avail.  |f 1  |g 1  |h N  |i 0  |k 1 
TYP |a Monograph 
TYP |a Printed language 
980 |a Mạng thư viện Đại học Đà Nẵng